| 000 | 00651nam a2200241Ia 4500 | ||
|---|---|---|---|
| 003 | OSt | ||
| 005 | 20220918202457.0 | ||
| 006 | a|||||r|||| 00| 0 | ||
| 007 | ta | ||
| 008 | 220917b |||||||| |||| 00| 0 eng d | ||
| 024 | _a101,513 | ||
| 037 | _cTextual | ||
| 040 |
_aARTS _cARTS _beng |
||
| 041 |
_2eng _aeng |
||
| 082 | _aV2,21y7N17, M7 | ||
| 100 |
_aGhodke N B _9103945 |
||
| 245 | 0 |
_aIndira Gandhi _b most powerful woman of the twentieth century |
|
| 260 |
_aJaipur _bPrinwell _c1987 |
||
| 300 |
_ax, 130p. _ccm. |
||
| 650 | _aHISTORY | ||
| 942 |
_hV2,21y7N17, M7 _cTEXL _2CC |
||
| 999 |
_c224994 _d224994 |
||